000 00811nam a2200217Ii 4500
003 JO-AjNU
008 230605s9999||||xx |||||||||||||| ||und||
017 _a2004/8/1934
040 _aJO-AjNU
_bara
_erda
_cJO-AjNU
041 _aara
050 1 4 _aTK2712.R3976 2005
100 3 _aرزوق، رامي سليم / م مشارك وسام احمد عبد العزيز,
_eauthor
_97698
245 0 0 _aاساسيات الالات الكهربائية نظريات ومسائل
250 _aط1
264 3 1 _aعمان:مكتبة المجتمع العربي، 2005
300 _a244ص
_bصور توضيحية
336 _atext
_btxt
_2rdacontent
337 _aunmediated
_bn
_2rdamedia
338 _avolume
_bnc
_2rdacarrier
650 4 _aالآلآت الكهربائية -الهندسة الكهربائية
_97699
999 _aA412
_c3980
_d3980